[Event "Bogota McGregor op 4th"]
[Site "Bogota"]
[Date "2013.12.07"]
[Round "7"]
[White "Vallejo, Humberto"]
[Black "Perez Garcia, Rodney Oscar"]
[Result "0-1"]
[WhiteElo "2051"]
[BlackElo "2371"]
[PlyCount "96"]
[EventDate "2013.12.04"]
[EventType "swiss"]
[EventRounds "9"]
[EventCountry "COL"]
[SourceTitle "CBM 157 Extra"]
[Source "ChessBase"]
[SourceDate "2013.12.19"]
[SourceVersion "1"]
[SourceVersionDate "2013.12.19"]
[SourceQuality "1"]

1. e4 g6 2. Nf3 Bg7 3. d4 c6 4. Nc3 d5 5. e5 Bg4 6. Be2 e6 7. Bg5 Ne7 8. Qd2 Nd7 9. 0-0-0 h6 10. Bf4 c5 11. Nb5 Bxf3 12. Nd6+ Kf8 13. Bxf3 cxd4 14. Qxd4 Nc6 15. Qc3 Ndxe5 16. Nxb7 Qf6 17. Bxe5 Nxe5 18. Nc5 Kg8 19. h4 Rc8 20. b4 Qf4+ 21. Qd2 Qc4 22. Be2 Qxa2 23. c3 Qa3+ 24. Qb2 Qxb2+ 25. Kxb2 a5 26. Kb3 axb4 27. cxb4 Nc6 28. Ba6 Rc7 29. h5 g5 30. Rh3 Bd4 31. Nd3 Nb8 32. Bb5 Kg7 33. f4 Nd7 34. fxg5 hxg5 35. Ne1 Bf6 36. Nc2 g4 37. Rg3 Ne5 38. Rh1 Bg5 39. Be2 Rhc8 40. Bxg4 Bf4 41. Rhh3 Bxg3 42. Rxg3 Nxg4 43. Rxg4+ Kh6 44. Nd4 Rc3+ 45. Ka4 Ra8+ 46. Kb5 Rc4 47. Rf4 Rb8+ 48. Ka5 Rbxb4 0-1

[Event "Bogota McGregor op 4th"]
[Site "Bogota"]
[Date "2013.12.06"]
[Round "4"]
[White "Romero Agudelo, Mario"]
[Black "Vallejo, Humberto"]
[Result "0-1"]
[WhiteElo "1788"]
[BlackElo "2051"]
[PlyCount "88"]
[EventDate "2013.12.04"]
[EventType "swiss"]
[EventRounds "9"]
[EventCountry "COL"]
[SourceTitle "CBM 157 Extra"]
[Source "ChessBase"]
[SourceDate "2013.12.19"]
[SourceVersion "1"]
[SourceVersionDate "2013.12.19"]
[SourceQuality "1"]

1. e4 Nf6 2. Nc3 d5 3. exd5 Nxd5 4. Nxd5 Qxd5 5. Ne2 Nc6 6. c3 Bg4 7. f3 Bh5 8. d4 e5 9. dxe5 Qxd1+ 10. Kxd1 0-0-0+ 11. Ke1 Nxe5 12. Nf4 Bg6 13. Nxg6 hxg6 14. Be3 Nd3+ 15. Bxd3 Rxd3 16. Ke2 Rd6 17. h3 Rh5 18. Rad1 Re6 19. Kf2 Rhe5 20. Rhe1 Bd6 21. f4 Ra5 22. a3 f6 23. Bd2 Rxe1 24. Rxe1 g5 25. Kf3 gxf4 26. Re8+ Kd7 27. Rg8 g5 28. h4 Rd5 29. Be1 Rd1 30. Ke2 Rb1 31. hxg5 Rxb2+ 32. Bd2 fxg5 33. Rxg5 f3+ 34. gxf3 Rxd2+ 35. Ke3 Ra2 36. Rg7+ Ke6 37. Rg4 Rxa3 38. Re4+ Kd5 39. Rd4+ Kc6 40. Rd3 b5 41. f4 b4 42. f5 Rxc3 43. f6 Rxd3+ 44. Kxd3 Kd5 0-1

[Event "Bogota McGregor op 4th"]
[Site "Bogota"]
[Date "2013.12.05"]
[Round "2"]
[White "Fraile Vela, Maria Isabel"]
[Black "Vallejo, Humberto"]
[Result "0-1"]
[WhiteElo "1730"]
[BlackElo "2051"]
[PlyCount "110"]
[EventDate "2013.12.04"]
[EventType "swiss"]
[EventRounds "9"]
[EventCountry "COL"]
[SourceTitle "CBM 157 Extra"]
[Source "ChessBase"]
[SourceDate "2013.12.19"]
[SourceVersion "1"]
[SourceVersionDate "2013.12.19"]
[SourceQuality "1"]

1. e4 Nf6 2. Nc3 d5 3. e5 Nfd7 4. Nf3 e6 5. d4 c5 6. Nb5 a6 7. Nd6+ Bxd6 8. exd6 Qb6 9. dxc5 Nxc5 10. Qd4 f6 11. b4 Na4 12. Qxb6 Nxb6 13. Bd3 Nc6 14. c3 e5 15. Be2 Na4 16. Bd2 d4 17. cxd4 e4 18. Bd1 Nb6 19. Ng1 Nxd4 20. Ne2 Nf5 21. 0-0 Nxd6 22. Bb3 Nbc4 23. Bc3 Bg4 24. Nf4 Rc8 25. Rae1 0-0 26. h3 Bf5 27. Nd5 Rf7 28. f3 Kf8 29. g4 Be6 30. fxe4 Nxe4 31. Rxe4 Bxd5 32. Rd4 Rd7 33. Rfd1 Ne3 34. R1d3 Rdc7 35. Bb2 Bxb3 36. Rxb3 Nc4 37. Bc1 Ne5 38. Bf4 Rc2 39. Bxe5 fxe5 40. Re4 Rxa2 41. Rf3+ Kg8 42. Rxe5 Rc1+ 43. Rf1 Rxf1+ 44. Kxf1 Ra4 45. Re4 b5 46. Rd4 Kf7 47. Rd6 Ke7 48. Rb6 Rxb4 49. Rxa6 Rb2 50. Ra7+ Kf6 51. g5+ Kg6 52. Kg1 b4 53. h4 b3 54. h5+ Kxh5 55. Rxg7 Rc2 0-1

[Event "COL-ch Seniors"]
[Site "Bucaramanga"]
[Date "2013.09.28"]
[Round "6"]
[White "Cardona, Gregorio"]
[Black "Vallejo, Humberto"]
[Result "1-0"]
[WhiteElo "1879"]
[BlackElo "2074"]
[PlyCount "125"]
[EventDate "2013.09.26"]
[EventType "swiss"]
[EventRounds "7"]
[EventCountry "COL"]
[SourceTitle "CBM 156 Extra"]
[Source "ChessBase"]
[SourceDate "2013.10.22"]
[SourceVersion "1"]
[SourceVersionDate "2013.10.22"]
[SourceQuality "1"]

1. c4 e5 2. Nc3 Nf6 3. Nf3 Nc6 4. g3 Bb4 5. Bg2 0-0 6. 0-0 Re8 7. d3 Bxc3 8. bxc3 d5 9. cxd5 Nxd5 10. Bb2 a5 11. Rb1 a4 12. Nd2 Be6 13. c4 Nde7 14. Ne4 b6 15. Nc3 a3 16. Bc1 Qd7 17. Rb3 Bh3 18. Rxa3 Bxg2 19. Rxa8 Rxa8 20. Kxg2 Nd4 21. f4 exf4 22. Rxf4 Ng6 23. Rf2 Ne5 24. e3 Nf5 25. d4 Nxc4 26. Qf3 Ra5 27. d5 g6 28. e4 Nfd6 29. Bh6 Ra3 30. Qf6 Ne8 31. Qd4 Ncd6 32. h3 Rxc3 33. Qxc3 Nxe4 34. Qc6 Qxc6 35. dxc6 Nxf2 36. Kxf2 f6 37. Ke3 Kf7 38. Kd4 g5 39. h4 gxh4 40. gxh4 Ke6 41. Bf4 Kf5 42. Bg3 Kg4 43. Bf2 Kf3 44. Be1 Ng7 45. Kd5 f5 46. Bc3 Ne8 47. Ke6 Ke4 48. Kd7 Kd5 49. Bd2 Nd6 50. Bf4 Nb5 51. a4 Nc3 52. Kxc7 Nxa4 53. Be3 Nc3 54. Bxb6 Ne4 55. Be3 Ke5 56. Kd8 f4 57. c7 Nd6 58. Bf2 Ke6 59. c8Q+ Nxc8 60. Kxc8 h5 61. Kd8 Kf5 62. Ke7 Ke4 63. Kf6 1-0